Eminem-Guess the song by it's lyrics - Statistiques

Statistiques générales
  • Ce quiz a été pris 742 fois
  • Le résultat moyen est 4 sur 11
Statistiques - réponses
Lyrics Song % Correct
Now this looks like a job for me, so everybody, just follow me, cuz we need a little controversy Without Me
82%
His palms are sweaty, knees weak arms are heavy Lose Yourself
73%
Summa lumma dumma lumma you assuming I'm a human Rap God
65%
Will Smith don't gotta cuss in his raps, to sell records. Well I do, so fuck him and fuck you too. The Real Slim Shady
64%
My tea's gone cold, I'm wondering why, I got out of bed at, all the morning rain clouds up my window, and I can't see at all Stan
43%
Fill em' with the venom and eliminate em', otherwise I Minute Maid em' Godzilla
33%
I've got a list, here's the order of my list that it's in, it goes : Reggie, Jay-Z, 2pac and Biggie Till I collapse
27%
I'm like and R-A-P-E-R, got so many S-A's, S-A's ! Wait, he didn't just spell the world rapper and leave out a P, did he ? Fuel
18%
Tobey Maguire've got bit by a spider, me ? Must've got bit by a goat. Tobey
16%
But next time, you don't gotta use Tech N9ne, if you wanna come at me, with a sub Machine Gun Not Alike
6%
I'm the lead singer of my band, I get all the girls to take off their underpants My Salsa
4%
Aucun quiz correspondant
Distribution des résultats
% des personnes avec chaque résultat
Percentile par nombre de réponses
Votre historique - résultats
Vous n’avez pas pris ce quiz